[Event "Mittelfranken-chTB2b 1112"]
[Site "Germany"]
[Date "2012.03.25"]
[Round "9.2"]
[White "Helm, Jonathan"]
[Black "Walter, Eugen"]
[Result "1-0"]
[WhiteElo "1870"]
[BlackElo "1836"]
[PlyCount "61"]
[EventDate "2011.09.25"]
[EventType "team-tourn"]
[EventRounds "9"]
[EventCountry "GER"]
[SourceTitle "EXT 2018"]
[Source "ChessBase"]
[SourceDate "2017.10.13"]
[SourceVersion "1"]
[SourceVersionDate "2017.10.13"]
[SourceQuality "1"]
[WhiteTeam "Neumarkt"]
[BlackTeam "Forchheim III"]
[WhiteTeamCountry "GER"]
[BlackTeamCountry "GER"]

1. e4 e5 2. Nf3 f5 3. exf5 e4 4. Qe2 Qe7 5. Nd4 Nf6 6. d3 Nc6 7. Nxc6 dxc6 8. dxe4 Qxe4 9. Qxe4+ Nxe4 10. f3 Nd6 11. g4 Be7 12. Bd3 Bd7 13. 0-0 0-0-0 14. Bd2 Bf6 15. Nc3 h5 16. Kg2 hxg4 17. fxg4 Nf7 18. Ne4 Bxb2 19. Rab1 Be5 20. h3 Bd6 21. f6 gxf6 22. Rxf6 Be8 23. Nxd6+ Nxd6 24. Re1 c5 25. Bc3 Bc6+ 26. Kg3 Rhg8 27. h4 Bd7 28. g5 c4 29. Bh7 Rgf8 30. Rxf8 Rxf8 31. Bb4 1-0

[Event "Landesliga U20 Nord 1112"]
[Site "Bayern"]
[Date "2011.11.12"]
[Round "1.1"]
[White "Helm, Jonathan"]
[Black "Ott, Florian"]
[Result "1/2-1/2"]
[WhiteElo "1870"]
[BlackElo "2006"]
[PlyCount "79"]
[EventDate "2011.11.12"]
[EventType "team-tourn"]
[EventRounds "7"]
[EventCountry "GER"]
[SourceTitle "EXT 2022"]
[Source "ChessBase"]
[SourceDate "2021.10.06"]
[SourceVersion "1"]
[SourceVersionDate "2021.10.06"]
[SourceQuality "1"]
[WhiteTeam "Neumarkt U20"]
[BlackTeam "Amberg SGS U20"]
[WhiteTeamCountry "GER"]
[BlackTeamCountry "GER"]

1. e4 c5 2. Nf3 d6 3. d4 cxd4 4. Nxd4 Nf6 5. Nc3 a6 6. a4 e5 7. Nb3 Be6 8. Bg5 Nbd7 9. Be2 Be7 10. 0-0 0-0 11. f4 Qc7 12. f5 Bc4 13. Kh1 Rac8 14. Bxc4 Qxc4 15. Qf3 Rfe8 16. Rac1 b5 17. axb5 axb5 18. Nd2 Qb4 19. Nb3 Qc4 20. Nd2 Qc6 21. Bxf6 Nxf6 22. g4 b4 23. Ne2 d5 24. exd5 Qxd5 25. Qxd5 Nxd5 26. Rf3 Bg5 27. Rd3 Red8 28. h4 Bxd2 29. Rxd2 Ne3 30. Rxd8+ Rxd8 31. c4 bxc3 32. Nxc3 Nxg4 33. b4 Rb8 34. b5 f6 35. Rb1 Ne3 36. b6 Nxf5 37. Ne4 Kf7 38. Nc5 Nd6 39. Na6 Rb7 40. Nc5 1/2-1/2

[Event "Mittelfranken-chTB2b 1112"]
[Site "Germany"]
[Date "2011.10.23"]
[Round "2.2"]
[White "Helm, Jonathan"]
[Black "Sattler, Stefan"]
[Result "0-1"]
[WhiteElo "1854"]
[BlackElo "2029"]
[PlyCount "90"]
[EventDate "2011.09.25"]
[EventType "team-tourn"]
[EventRounds "9"]
[EventCountry "GER"]
[SourceTitle "EXT 2013"]
[Source "ChessBase"]
[SourceDate "2012.11.22"]
[SourceVersion "1"]
[SourceVersionDate "2012.11.22"]
[SourceQuality "1"]
[WhiteTeam "Neumarkt"]
[BlackTeam "Herzogenaurach"]
[WhiteTeamCountry "GER"]
[BlackTeamCountry "GER"]

1. e4 e6 2. d4 d5 3. Nd2 Nc6 4. Ngf3 Nf6 5. e5 Nd7 6. c3 a6 7. Bd3 f6 8. 0-0 fxe5 9. dxe5 Ndxe5 10. Nxe5 Nxe5 11. Qh5+ Nf7 12. Bxh7 g6 13. Qxg6 Qh4 14. c4 c6 15. Nf3 Qxh7 16. Qxh7 Rxh7 17. Bf4 Bg7 18. cxd5 exd5 19. Rfe1+ Kf8 20. Be3 Bf6 21. Bc5+ Kg7 22. Re8 Rh8 23. Rae1 Bd7 24. Rxa8 Rxa8 25. Nd4 b6 26. Bxb6 Rb8 27. Bc5 Rxb2 28. a3 Ne5 29. h4 Nd3 30. Ne6+ Bxe6 31. Rxe6 Nxc5 32. Rxc6 Ne4 33. Rxa6 Rb1+ 34. Kh2 Nxf2 35. Kg3 Ne4+ 36. Kg4 Rb3 37. Ra7+ Kh6 38. a4 Rg3+ 39. Kf5 Bxh4 40. Ke5 Rg5+ 41. Kf4 Bg3+ 42. Kf3 Rf5+ 43. Ke2 Rf2+ 44. Kd1 Nc3+ 45. Kc1 Bf4# 0-1

[Event "Mittelfranken-chTB2b 1011"]
[Site "Germany"]
[Date "2010.11.21"]
[Round "3.5"]
[White "Reuter, Roland"]
[Black "Helm, Jonathan"]
[Result "1/2-1/2"]
[WhiteElo "1859"]
[BlackElo "1826"]
[PlyCount "55"]
[EventDate "2010.09.26"]
[EventType "team-tourn"]
[EventRounds "9"]
[EventCountry "GER"]
[SourceTitle "EXT 2012"]
[Source "ChessBase"]
[SourceDate "2011.11.24"]
[SourceVersion "1"]
[SourceVersionDate "2011.11.24"]
[SourceQuality "1"]
[WhiteTeam "Muehlhof/Schwabach"]
[BlackTeam "Neumarkt"]
[WhiteTeamCountry "GER"]
[BlackTeamCountry "GER"]

1. c4 e5 2. Nc3 Nf6 3. d3 Nc6 4. Nf3 d5 5. cxd5 Nxd5 6. g3 Be7 7. Bg2 Be6 8. 0-0 f6 9. Bd2 Qd7 10. a3 h5 11. Nh4 g5 12. Ng6 Rh6 13. Nxe7 Ndxe7 14. Ne4 b6 15. h4 Rg6 16. hxg5 fxg5 17. Bxg5 0-0-0 18. Qa4 Na5 19. Qxd7+ Rxd7 20. Bxe7 Rxe7 21. f4 Bf5 22. fxe5 Bxe4 23. Bxe4 Rxg3+ 24. Kf2 Rg5 25. Ke3 Nb3 26. Rf8+ Kd7 27. Raf1 Rgxe5 28. R8f5 1/2-1/2

[Event "Mittelfranken-chTB2b 0910"]
[Site "Mittelfranken"]
[Date "2009.10.25"]
[Round "2.6"]
[White "Helm, Jonathan"]
[Black "Lutzky, Manfred"]
[Result "0-1"]
[WhiteElo "1783"]
[BlackElo "1871"]
[PlyCount "66"]
[EventDate "2009.10.11"]
[EventType "team-tourn"]
[EventRounds "9"]
[EventCountry "GER"]
[SourceTitle "EXT 2011"]
[Source "ChessBase"]
[SourceDate "2010.11.26"]
[SourceVersion "1"]
[SourceVersionDate "2010.11.26"]
[SourceQuality "1"]
[WhiteTeam "Neumarkt"]
[BlackTeam "Nuernberg NT IV"]
[WhiteTeamCountry "GER"]
[BlackTeamCountry "GER"]

1. e4 e5 2. Nf3 Nc6 3. Bb5 a6 4. Ba4 Nf6 5. 0-0 Be7 6. Re1 b5 7. Bb3 0-0 8. c3 d5 9. exd5 Nxd5 10. Nxe5 Nxe5 11. Rxe5 c6 12. d4 Bd6 13. Re1 Qh4 14. g3 Qh3 15. Qf3 Bg4 16. Qg2 Qh5 17. Bxd5 cxd5 18. Be3 Bf3 19. Qf1 f5 20. a4 f4 21. Bxf4 Bxf4 22. axb5 axb5 23. Rxa8 Rxa8 24. Qxb5 Rb8 25. Qd7 Bg5 26. Na3 Be4 27. f4 Qf3 28. Qe6+ Kh8 29. Rxe4 dxe4 30. fxg5 Rf8 31. Qc4 Qf2+ 32. Kh1 e3 33. Qd3 e2 0-1

[Event "Mittelfranken Mitte-ch 0708"]
[Site "Zirndorf"]
[Date "2008.01.19"]
[Round "7"]
[White "Helm, Jonathan"]
[Black "Weissmann, Peter"]
[Result "1/2-1/2"]
[WhiteElo "1654"]
[BlackElo "1707"]
[PlyCount "70"]
[EventDate "2008.01.04"]
[EventType "swiss"]
[EventRounds "7"]
[EventCountry "GER"]
[SourceTitle "EXT 2015"]
[Source "ChessBase"]
[SourceDate "2014.11.20"]
[SourceVersion "1"]
[SourceVersionDate "2014.11.20"]
[SourceQuality "1"]

1. e4 c5 2. Nf3 Nc6 3. d4 cxd4 4. Nxd4 Nf6 5. Nc3 d6 6. Be2 g6 7. Be3 Bg7 8. h3 Bd7 9. Qd2 0-0 10. 0-0-0 Nxd4 11. Bxd4 b5 12. e5 b4 13. exf6 bxc3 14. Bxc3 exf6 15. Qxd6 Be6 16. Qxd8 Rfxd8 17. Rxd8+ Rxd8 18. Rd1 Rb8 19. b3 f5 20. Bxg7 Kxg7 21. f4 a5 22. Rd6 a4 23. Bc4 Bxc4 24. bxc4 Rb4 25. Rd4 a3 26. c3 Rb8 27. c5 Rc8 28. Ra4 Rxc5 29. Rxa3 Rc4 30. g3 h6 31. h4 g5 32. hxg5 hxg5 33. fxg5 Kg6 34. Kd2 Kxg5 35. Ra8 Kf6 1/2-1/2

[Event "Mittelfranken Mitte-ch 0708"]
[Site "Zirndorf"]
[Date "2008.01.18"]
[Round "6"]
[White "Walter, Markus"]
[Black "Helm, Jonathan"]
[Result "1-0"]
[WhiteElo "1946"]
[BlackElo "1654"]
[PlyCount "89"]
[EventDate "2008.01.04"]
[EventType "swiss"]
[EventRounds "7"]
[EventCountry "GER"]
[SourceTitle "EXT 2015"]
[Source "ChessBase"]
[SourceDate "2014.11.20"]
[SourceVersion "1"]
[SourceVersionDate "2014.11.20"]
[SourceQuality "1"]

1. e4 d5 2. exd5 Qxd5 3. Nc3 Qa5 4. d4 c6 5. h3 Nf6 6. Nf3 Bf5 7. Bd3 Bxd3 8. Qxd3 e6 9. 0-0 Bb4 10. Ne4 Nxe4 11. Qxe4 Nd7 12. Bg5 Qd5 13. Qg4 h6 14. Be3 0-0-0 15. Ne5 Nxe5 16. dxe5 c5 17. a3 f5 18. Qe2 Ba5 19. b4 Bb6 20. Rfd1 Qxe5 21. Qb5 Rd5 22. c4 Rxd1+ 23. Rxd1 f4 24. Bxc5 Bxc5 25. bxc5 Qc7 26. Rd6 e5 27. Re6 Rd8 28. c6 b6 29. Rxe5 Rd1+ 30. Kh2 f3 31. gxf3 Qf7 32. Qa6+ Kd8 33. Rd5+ Rxd5 34. cxd5 Qxd5 35. Qb7 Qe5+ 36. Kh1 Qa1+ 37. Kg2 Qd4 38. Qxa7 Qd6 39. Qxb6+ Ke8 40. Qb7 Qg6+ 41. Kh1 Qc2 42. Qd7+ Kf8 43. c7 Qc1+ 44. Kg2 Qg5+ 45. Qg4 1-0

[Event "Mittelfranken Mitte-ch 0708"]
[Site "Zirndorf"]
[Date "2008.01.05"]
[Round "2"]
[White "Helm, Jonathan"]
[Black "Lechmann, Daniel"]
[Result "1-0"]
[WhiteElo "1654"]
[BlackElo "1414"]
[PlyCount "25"]
[EventDate "2008.01.04"]
[EventType "swiss"]
[EventRounds "7"]
[EventCountry "GER"]
[SourceTitle "EXT 2015"]
[Source "ChessBase"]
[SourceDate "2014.11.20"]
[SourceVersion "1"]
[SourceVersionDate "2014.11.20"]
[SourceQuality "1"]

1. e4 c5 2. Nf3 Nc6 3. d4 cxd4 4. Nxd4 Nf6 5. Nc3 e6 6. Be3 Bb4 7. Bd3 Bxc3+ 8. bxc3 d5 9. Nxc6 bxc6 10. e5 Nd7 11. Qg4 0-0 12. Bh6 Kh8 13. Qxg7# 1-0

[Event "Mittelfranken Mitte-ch 0708"]
[Site "Zirndorf"]
[Date "2008.01.04"]
[Round "1"]
[White "Vogiatzis, Dimitrios"]
[Black "Helm, Jonathan"]
[Result "1-0"]
[WhiteElo "2011"]
[BlackElo "1654"]
[PlyCount "79"]
[EventDate "2008.01.04"]
[EventType "swiss"]
[EventRounds "7"]
[EventCountry "GER"]
[SourceTitle "EXT 2015"]
[Source "ChessBase"]
[SourceDate "2014.11.20"]
[SourceVersion "1"]
[SourceVersionDate "2014.11.20"]
[SourceQuality "1"]

1. e4 d5 2. exd5 Qxd5 3. c4 Qa5 4. Nc3 c5 5. Nf3 Nc6 6. Be2 Bf5 7. 0-0 e6 8. Nh4 Nge7 9. Nb5 Rd8 10. d3 a6 11. Bd2 Qb6 12. Nxf5 Nxf5 13. Nc3 Bd6 14. Bg4 Nfd4 15. Ne4 Ne5 16. Bc3 0-0 17. Bh3 Qc6 18. Bxd4 cxd4 19. f4 Nxc4 20. Rc1 Bxf4 21. Rxc4 Be3+ 22. Kh1 Qd5 23. b3 f5 24. Rc5 Qd7 25. Nf2 b6 26. Rc2 Rf6 27. g3 Rh6 28. Bg2 Qd6 29. Qf3 g5 30. Rc6 Qb8 31. Ng4 fxg4 32. Qf7+ Kh8 33. Rc7 Rg8 34. Be4 Qxc7 35. Qxc7 Bf4 36. gxf4 gxf4 37. Qe5+ Rg7 38. Rc1 Kg8 39. Rc8+ Kf7 40. Rc7+ 1-0

[Event "Mittelfranken-ch QT 56th"]
[Site "Postbauer"]
[Date "2007.04.06"]
[Round "5"]
[White "Helm, Jonathan"]
[Black "Schmid, Hans"]
[Result "1-0"]
[WhiteElo "1588"]
[BlackElo "1480"]
[PlyCount "27"]
[EventDate "2007.04.04"]
[EventType "swiss"]
[EventRounds "7"]
[EventCountry "GER"]
[SourceTitle "EXT 2015"]
[Source "ChessBase"]
[SourceDate "2014.11.20"]
[SourceVersion "1"]
[SourceVersionDate "2014.11.20"]
[SourceQuality "1"]

1. e4 e5 2. Nf3 Nc6 3. d4 exd4 4. Nxd4 Bc5 5. Be3 d6 6. Nxc6 bxc6 7. Bxc5 dxc5 8. Qxd8+ Kxd8 9. Bc4 Nh6 10. Nc3 Re8 11. 0-0 Ke7 12. Na4 Kf8 13. Nxc5 a5 14. f4 1-0

[Event "Mittelfranken-ch QT 56th"]
[Site "Postbauer"]
[Date "2007.04.06"]
[Round "6"]
[White "Stefan, Johann"]
[Black "Helm, Jonathan"]
[Result "1/2-1/2"]
[WhiteElo "1545"]
[BlackElo "1588"]
[PlyCount "171"]
[EventDate "2007.04.04"]
[EventType "swiss"]
[EventRounds "7"]
[EventCountry "GER"]
[SourceTitle "EXT 2015"]
[Source "ChessBase"]
[SourceDate "2014.11.20"]
[SourceVersion "1"]
[SourceVersionDate "2014.11.20"]
[SourceQuality "1"]

1. e4 e5 2. Nf3 Nc6 3. Bb5 a6 4. Ba4 Nf6 5. d3 d6 6. h3 Be7 7. c3 b5 8. Bc2 0-0 9. 0-0 Na5 10. d4 exd4 11. cxd4 c5 12. d5 Bd7 13. Nc3 Qb6 14. Ne2 b4 15. Ng3 Bb5 16. Re1 Qb7 17. Be3 Nc4 18. Bc1 a5 19. Nd2 Ne5 20. Nf3 Nfd7 21. Nf5 Rfe8 22. Nxe7+ Rxe7 23. Nxe5 Nxe5 24. f4 Ng6 25. Qg4 Qd7 26. f5 Ne5 27. Qg3 f6 28. h4 Qe8 29. Bd1 Nf7 30. Bf3 Bd3 31. Qf4 Re5 32. b3 a4 33. Bb2 Re7 34. Qg4 Ne5 35. Bxe5 dxe5 36. h5 h6 37. Bd1 Qf7 38. Qf3 Bb5 39. Rc1 Rc7 40. Qe3 Qe7 41. Be2 Bxe2 42. Rxe2 axb3 43. axb3 Ra5 44. Rc4 Ra1+ 45. Kf2 Rd1 46. Rec2 Rd4 47. Qc1 Rxc4 48. Rxc4 Kf7 49. Qd2 Qd6 50. Qa2 Qb6 51. Qa8 Ra7 52. Qc8 Qa5 53. Rxc5 Qa2+ 54. Rc2 Qa6 55. Rc6 Qa2+ 56. Kg1 Re7 57. d6 Qb1+ 58. Rc1 Qxe4 59. Qc4+ Qxc4 60. Rxc4 Rd7 61. Rc6 Ke8 62. Kf2 Kd8 63. Ke3 Rb7 64. Ke4 Kd7 65. Kd5 Rb5+ 66. Rc5 Rxc5+ 67. Kxc5 e4 68. Kd4 Kxd6 69. Kxe4 Kc5 70. g4 Kc6 71. Kd4 Kd6 72. Kc4 Ke5 73. Kxb4 Kf4 74. Kc3 Kxg4 75. b4 Kxf5 76. b5 Ke5 77. Kd3 Kd6 78. Ke4 Kc5 79. Kf5 Kxb5 80. Kg6 Kc5 81. Kxg7 f5 82. Kxh6 f4 83. Kg6 f3 84. h6 f2 85. h7 f1Q 86. h8Q 1/2-1/2

[Event "Mittelfranken Mitte-ch 0607"]
[Site "Zirndorf"]
[Date "2007.01.07"]
[Round "5"]
[White "Helm, Jonathan"]
[Black "Thuerauf, Peter"]
[Result "1/2-1/2"]
[WhiteElo "1613"]
[BlackElo "1834"]
[PlyCount "41"]
[EventDate "2007.01.05"]
[EventType "swiss"]
[EventRounds "7"]
[EventCountry "GER"]
[SourceTitle "EXT 2015"]
[Source "ChessBase"]
[SourceDate "2014.11.20"]
[SourceVersion "1"]
[SourceVersionDate "2014.11.20"]
[SourceQuality "1"]

1. e4 c5 2. Nf3 Nc6 3. d4 cxd4 4. Nxd4 Nf6 5. Nc3 d6 6. Bc4 e6 7. Be3 Be7 8. f3 0-0 9. 0-0 a6 10. Qd2 Nxd4 11. Qxd4 b5 12. Bb3 Rb8 13. Qa7 Bd7 14. a3 Qc8 15. Rad1 Qc6 16. Qd4 Rfc8 17. Bg5 Qc5 18. Qxc5 Rxc5 19. Bxf6 gxf6 20. f4 a5 21. Rd4 1/2-1/2

[Event "Mittelfranken Mitte-ch 0607"]
[Site "Zirndorf"]
[Date "2007.01.05"]
[Round "1"]
[White "Helm, Jonathan"]
[Black "Holl, Manfred"]
[Result "1/2-1/2"]
[WhiteElo "1613"]
[BlackElo "1918"]
[PlyCount "43"]
[EventDate "2007.01.05"]
[EventType "swiss"]
[EventRounds "7"]
[EventCountry "GER"]
[SourceTitle "EXT 2015"]
[Source "ChessBase"]
[SourceDate "2014.11.20"]
[SourceVersion "1"]
[SourceVersionDate "2014.11.20"]
[SourceQuality "1"]

1. e4 c5 2. Nf3 Nc6 3. d4 cxd4 4. Nxd4 g6 5. Nc3 Bg7 6. Be3 a6 7. Bc4 Nf6 8. f3 d6 9. Qd2 Bd7 10. 0-0 0-0 11. a4 Rc8 12. Nxc6 Bxc6 13. b3 Nd7 14. Bh6 Bxh6 15. Qxh6 b5 16. axb5 axb5 17. Bd3 Qb6+ 18. Kh1 Nc5 19. Qe3 Qb7 20. b4 Nxd3 21. Ra7 Nf2+ 22. Qxf2 1/2-1/2